000 00830nam a22002057a 4500
005 20240131172154.0
010 _aENG-139064-67
020 _c8995.00
_a9789395116190(Set Of 4)
035 _aEN-122596-99
037 _bDBAD/PUB
082 _a347.54
_213
100 _aNelson R A
_961496
245 0 0 _aIndian Penal Code/
_cBy R A Nelson
260 _aGurgaon
_bLexis Nexis
_c2023
270 _a14th Floor, Building. No.10, Tower-B, DLF Cyber City, Phase-II
_bGurgaon
_e122002
_l+911244774100
_k+911244774444
_mhelp.in@lexisnexis.com
300 _aclxxxiii,cliv,clxxxv,dxxiv4331p.
_c25cm(pbk)
490 _aSet of 4 Volumes
_vVol 1 Section 1 to 171
_vVol 2 Section 171A to 302
_vVol 3 Section 303 to 428
_vVol 4 Section 429 to 511
500 _aIncludes bibliographical references
942 _2ddc
_cEN
_h345.54
_mNEL
999 _c200475
_d200475